000 00397nam a2200157Ia 4500
003 GCL
008 140319s9999 xx 000 0 ara d
040 _aGCL /
_cGCL
082 0 4 _aط
_b813.087
_bم ج
100 1 _aمجدى صبرى
245 1 0 _aجاسوس باريس /
_cمجدى صبرى
490 _a100 قصة
_v0
650 0 4 _aالاطفال
650 0 4 _aالالغاز
942 _2ddc
_cBK
999 _c44574
_d44574